| 000 | 00421nam a2200145Ia 4500 | ||
|---|---|---|---|
| 008 | 231129s1997||||xx |||||||||||||| ||spa|| | ||
| 020 | _a958-04-3517-0 | ||
| 040 | _bspa | ||
| 082 | _a658.314 K16j | ||
| 100 | _aKao John | ||
| 245 | 0 | _aJamming: El arte y la disciplina de la creatividad en los negocios | |
| 260 | _c1997 | ||
| 264 | _aBogotá Colombia : Norma | ||
| 942 |
_2ddc _cBKS |
||
| 999 |
_c16069 _d16069 |
||